[Event "North American Open"]
[Site "Las Vegas"]
[Date "2023.12.27"]
[Round "4"]
[White "Min, Ryan"]
[Black "Gurevich, Dmitry"]
[Result "1-0"]
[WhiteElo "2178"]
[BlackElo "2475"]
[Annotator "Ralph Dubisch"]
[PlyCount "81"]
[EventDate "2023.12.27"]
[EventCountry "USA"]
[SourceVersionDate "2023.12.31"]

{[%evp 0,81,48,27,21,4,-8,6,6,-3,61,57,54,48,71,71,61,60,62,58,58,58,58,52,77,50,60,29,32,16,33,40,34,44,47,18,0,-17,-5,-26,-18,2,25,24,24,16,19,0,0,0,0,0,7,0,13,0,0,0,0,0,19,20,17,24,16,0,24,0,0,0,24,19,22,20,60,33,78,76,537,534,863,936,938,956]} 1. d4 Nf6 2. c4 e6 3. Nc3 d5 (3... Bb4 {is the popular Nimzo-Indian Defense.}) 4. cxd5 Nxd5 ({Similar to the Gruenfeld Defense, but with ...e6 instead of the center-pressuring ...g6 and ...Bg7.} 4... exd5 {reaches standard Exchange Queen's Gambit Declined positions, where White still can opt for aggressive Botvinnik/Kasparov lines starting} 5. Bg5 {and keeping the option of developing the g1-knight to e2, instead of the natural f3.}) 5. e4 Nxc3 6. bxc3 c5 7. Nf3 ({This is the normal way to play, and as we see in the game, Black is likely to exchange pawns, develop the f8-bishop with check, and exchange that on d2. All of that is in accord with the principle of exchanging when cramped (though it's possible that given a choice, Black would prefer to exchange the other bishop).An interesting alternative is} 7. a3 $5 {, limiting the f8-bishop and keeping that set of minor pieces on the board -- at the cost of a developing move. My Stockfish engine says it's still just equal, but relatively limited data favoring White might indicate that it's easier to play with more space and good central control here.}) 7... cxd4 8. cxd4 Bb4+ 9. Bd2 Bxd2+ (9... Qa5 $6 10. Rb1 Bxd2+ 11. Qxd2 Qxd2+ 12. Kxd2 $16 {is good for White. White's king is active and very safe in the center, the rook has developed with pressure on the half-open b-file, and White has the advantage in space, center control, development, and piece quality.}) 10. Qxd2 O-O 11. Bc4 Nc6 ({Alternately,} 11... Nd7 12. O-O b6 13. Rad1 Bb7 14. Rfe1 Rc8 {. On d7, the knight does not block the lines of the b7-bishop or the rook on the c-file. Depending on circumstances, it may redeploy to f6 or f8.}) 12. O-O b6 13. Rad1 Bb7 14. Rfe1 h6 ({Logical, if worried about Ng5. Other natural development:} 14... Rc8 15. d5 Na5 16. Bd3 exd5 17. e5 $14 {Though down a pawn, White appears to have very good compensation, with d4 available for the knight and a brewing attack against the depopulated kingside.}) (14... Na5 15. Bd3 Rc8 16. d5 {could simply transpose to the above, or White could choose a different retreating option with the bishop and try Ne5-g4, as in the game.}) 15. Qf4 (15. d5 $14 {is a standard idea for White, usually after completing development (as here).} exd5 (15... Na5 $6 16. dxe6 $1 {is a promising piece sacrifice:} Nxc4 (16... Qxd2 17. exf7+ Kh7 18. Nxd2 $16) 17. exf7+ {, and now --} ({Kh8} 17. Qxd8 Rfxd8 18. Rxd8+ Rxd8 19. e5 $1 Rc8 {e6 Bd5} 20. Nh4 Kh7 21. Nf5) ({Kh7} 17. Qc2 Qc8 18. e5 g6 {e6 Bxf3 gxf3 Nd6} 19. Qb3) ({Kxf7} 17. Qf4 Qf6 18. Qc7 $16 {Kg8 Qxc4+})) 16. Bxd5 Qe7 17. e5 {is Stockfish best for both sides. White still has an annoying space advantage.}) 15... Na5 16. Bf1 Qb8 17. Qe3 Qd6 18. Ne5 Rac8 19. Ng4 $5 Rc7 $2 (19... Rfd8 20. d5 $5 (20. e5 Qf8 $13) 20... exd5 21. e5 Qe6 22. Qg3 {with compensation.}) 20. e5 Qe7 21. Nf6+ $1 Kh8 (21... gxf6 22. Qxh6 $18 {and White threatens both exf6 and Rd3-g3.} f5 23. Rd3 f4 24. Rh3 f5 25. Qh8+ Kf7 26. Rh7+ Kg6 27. Rxe7 Rxh8 28. Rxc7 $18) 22. Ne4 $2 ({Clearly unnecessary. If Black couldn't capture the knight with the king on g8, it is even worse with the king on h8. White must think d6 is an even better square for the knight than f6, but it's too early to give up on the mating attack.} 22. Rd3 $1 {hints at Qf4 and Rh3xh6+, among other possibilities, and it is quite difficult to meet.}) 22... Bd5 23. Rd2 $6 ({Stockfish helpfully suggests returning to f6!} 23. Nf6 Rd8 24. Qf4 (24. Rd3 Bc4 $13) 24... Rc3 $14) 23... Nc4 24. Bxc4 Rxc4 25. Nd6 Rc6 26. f4 f5 $1 27. Rf2 Qc7 28. Nb5 Qb8 29. Nd6 $6 (29. Nc3 Qd8 $15) 29... a6 (29... b5 {is more active.}) 30. Rc1 Qc7 31. Rxc6 Qxc6 32. h3 Kh7 33. Qd3 (33. Qa3 $5) 33... Qa4 (33... Qc1+ $5 34. Rf1 Qb2 35. Rf2 Qa1+ 36. Kh2 Qc1 $15) 34. a3 Qa5 35. Kh2 Rg8 36. Rc2 b5 $2 ({Giving up the c5 square.} 36... Qe1 37. Qg3) 37. Rc5 $1 g6 $2 (37... Ba2 $14) 38. Qc2 $1 Qd8 $2 (38... Rf8 39. Rc7+ Kg8 40. Rd7 Rd8 41. Nb7 Bxb7 42. Rxb7 Kh8 43. d5 $1 (43. Qc6 $4 Qd2) 43... exd5 (43... Qa4 44. Qc7 Qxf4+ 45. Kg1 Qe3+ 46. Kh1 Qe1+ 47. Kh2 $18) 44. Qc6 $18) 39. Rc8 Qh4 (39... Be4 40. Qc1) 40. Rc7+ Rg7 (40... Kh8 41. Nf7+ Kg7 42. Ng5+ Kf8 43. Rf7+ Ke8 44. Qc8#) 41. Ne8 $1 1-0